Visualizzazione normale
Vista MARC
- Bonfitto Michele
di Personal Name
Records bibliografici associati: 1
001 - CONTROL NUMBER
- control field: 8252
003 - CONTROL NUMBER IDENTIFIER
- control field: IT-RoPau
005 - DATE AND TIME OF LATEST TRANSACTION
- control field: 20140108151626.0
008 - FIXED-LENGTH DATA ELEMENTS
- fixed length control field: 140108|| aca||aabn | a|a d
040 ## - CATALOGING SOURCE
- Original cataloging agency: IT-RoPau
- Transcribing agency: IT-RoPau
100 ## - HEADING--PERSONAL NAME
- Personal name: Bonfitto Michele
670 ## - SOURCE DATA FOUND
- Source citation: Work cat.: (IT-RoPau)101576: Bonfitto Michele, Sei grande nell'amore